Hypertrophic and polluted freshwater ecosystems : (Record no. 11529)
[ view plain ]
| 000 -LEADER | |
|---|---|
| fixed length control field | 01259nam a22002657a 4500 |
| 001 - CONTROL NUMBER | |
| control field | 11529 |
| 003 - CONTROL NUMBER IDENTIFIER | |
| rucl marc code | BD-RjUL |
| 005 - DATE AND TIME OF LATEST TRANSACTION | |
| control field | 20211208235136.0 |
| 008 - FIXED-LENGTH DATA ELEMENTS--GENERAL INFORMATION | |
| fixed length control field | 140127s1993 bg a 000 0 eng d |
| 020 ## - INTERNATIONAL STANDARD BOOK NUMBER | |
| International Standard Book Number | 9845101003 |
| 035 ## - SYSTEM CONTROL NUMBER | |
| System control number | (BD-RjUL)11578 |
| 040 ## - CATALOGING SOURCE | |
| Original cataloging agency | BD-RjUL |
| Language of cataloging | eng |
| Transcribing agency | BD-RjUL |
| 041 ## - LANGUAGE CODE | |
| Language code of text/sound track or separate title | eng |
| 082 ## - DEWEY DECIMAL CLASSIFICATION NUMBER | |
| Edition number | 20 |
| Classification number | 333.9115 |
| Author mark and year | INH |
| 111 ## - MAIN ENTRY--MEETING NAME | |
| Meeting name or jurisdiction name as entry element | International symposium on limnology held in Dhaka, |
| Location of meeting | Bangladesh, |
| Date of meeting | 25- 28 november 1991 |
| 9 (RLIN) | 35669 |
| 245 ## - TITLE STATEMENT | |
| Title | Hypertrophic and polluted freshwater ecosystems : |
| Remainder of title | ecological bases for water resource management / |
| Statement of responsibility, etc. | Edited by Max M. Tilzer and Moniruzzaman Khondker. |
| 260 ## - PUBLICATION, DISTRIBUTION, ETC. (IMPRINT) | |
| Place of publication, distribution, etc. | Dhaka : |
| Name of publisher, distributor, etc. | Department of Botany-Dhaka University, |
| Date of publication, distribution, etc. | 1993. |
| 300 ## - PHYSICAL DESCRIPTION | |
| Pagination | viii, 229 p. : |
| Illustrations | ill. ; |
| Size | 26 cm. |
| 504 ## - BIBLIOGRAPHY, ETC. NOTE | |
| Bibliography, etc | Includes bibliographical references. |
| 650 #0 - SUBJECT ADDED ENTRY--TOPICAL TERM | |
| Topical term or geographic name as entry element | Water resources development |
| General subdivision | Environmental aspects. |
| 9 (RLIN) | 35662 |
| 700 1# - ADDED ENTRY--PERSONAL NAME | |
| Personal name | Tilzer, Max M. |
| Personal name | Khondker, Moniruzzaman. |
| 856 4# - ELECTRONIC LOCATION AND ACCESS | |
| Materials specified | WorldCat details. |
| Uniform Resource Identifier | <a href="http://www.worldcat.org/title/hypertrophic-and-polluted-freshwater-ecosystems-ecological-bases-for-water-resource-management-proceedings-of-an-international-symposium-on-limnology-held-in-dhaka-bangladesh-25-28-november-1991/oclc/853094738&referer=brief_results">http://www.worldcat.org/title/hypertrophic-and-polluted-freshwater-ecosystems-ecological-bases-for-water-resource-management-proceedings-of-an-international-symposium-on-limnology-held-in-dhaka-bangladesh-25-28-november-1991/oclc/853094738&referer=brief_results</a> |
| 942 ## - ADDED ENTRY ELEMENTS (KOHA) | |
| Source of classification or shelving scheme | Dewey Decimal Classification |
| Koha item type | Books |
| Lost status | Source of classification or shelving scheme | Damaged status | Not for loan | Collection code | Permanent Location | Current Location | Shelving location | Date acquired | Source of acquisition | Total Checkouts | Full call number | Date last seen | Copy number | Koha item type |
|---|---|---|---|---|---|---|---|---|---|---|---|---|---|---|
| Dewey Decimal Classification | Not For Loan | Non-fiction | Central Library, University of Rajshahi | Central Library, University of Rajshahi | Reading Room | 10/09/1994 | Gift | 333.9115 INH 1993 | 27/01/2014 | C-1 | Books |